F1 Driver of the day 2021 - Statistics

General Stats
  • This quiz has been taken 17 times
  • The average score is 13 of 21
Answer Stats
Race "Driver of the day" % Correct
Formula 1 Pirelli Gran Premio del Made In Italy e dell'Emilia Romagna 2021 Lando Norris
92%
Formula 1 Emirates Grand Prix de France 2021 Max Verstappen
75%
Formula 1 Gulf Air Bahrain Grand Prix 2021 Sergio Perez
75%
Formula 1 Grosser Preis Der Steiermark 2021 Charles Leclerc
67%
Formula 1 Pirelli British Grand Prix 2021 Charles Leclerc
67%
Formula 1 BWT Grosser Preis von Osterreich 2021 Lando Norris
67%
Formula 1 Aramco Gran Premio de España 2021 Lewis Hamilton
67%
Formula 1 Heineken Grande Prêmio de São Paulo 2021 Lewis Hamilton
67%
Formula 1 stc Saudi Arabian Grand Prix 2021 Max Verstappen
67%
Formula 1 Grand Prix de Monaco 2021 Sebastian Vettel
67%
Formula 1 Azerbaijan Grand Prix 2021 Sebastian Vettel
67%
Formula 1 Heineken Gran Premio d’Italia 2021 Daniel Ricciardo
58%
Formula 1 Rolex Magyar Nagydíj 2021 Fernando Alonso
58%
Formula 1 Ooredoo Qatar Grand Prix 2021 Fernando Alonso
58%
Formula 1 VTB Russian Grand Prix 2021 Lando Norris
58%
Formula 1 Aramco United States Grand Prix 2021 Max Verstappen
58%
Formula 1 Heineken Grande Prémio de Portugal 2021 Sergio Perez
58%
Formula 1 Gran Premio de la Ciudad de México 2021 Sergio Perez
58%
Formula 1 Rolex Turkish Grand Prix 2021 Carlos Sainz
50%
Formula 1 Etihad Airways Abu Dhabi Grand Prix 2021 Kimi Raikkonen
50%
Formula 1 Heineken Dutch Grand Prix 2021 Sergio Perez
50%
No matching quizzes found
Score Distribution
Percent of People with Each Score
Percentile by Number Answered
Your Score History
You have not taken this quiz